| 000 | 00814nam a2200229 4500 | ||
|---|---|---|---|
| 008 | 010814s1994 ne 0 engYA | ||
| 020 | _a9004096965 | ||
| 090 |
_aPJ4833 _bK81h |
||
| 100 | 1 | _aKoehler, Ludwig | |
| 245 | 1 | 0 |
_aThe Hebrew and Aramaic lexicon of the Old Testament / _cby Ludwig Koehler and Walter Baumgartner. |
| 260 |
_aLeiden : _bE. J. Brill, _cc1994. |
||
| 300 | _acv, 365 p. | ||
| 504 | _aIncludes bibliographical references. | ||
| 505 | 0 | _avol. I | |
| 650 | 4 |
_aAramaic language _xDictionaries _xEnglish. |
|
| 650 | 4 |
_aBible. O.T. _xDictionaries _xAramaic. |
|
| 650 | 4 |
_aBible. O.T. _xDictionaries _xHebrew. |
|
| 650 | 4 |
_aHebrew language _xDictionaries _xEnglish. |
|
| 700 | 1 | _aBaumgartner, Walter | |
| 950 | 0 | _106.37 | |
| 951 |
_p16431 _x00009002 _oPJ4833/K81h-I _j070613110943875 _d2000-12-21 _cREF |
||
| 999 |
_c2799 _d2799 |
||